=LDR 00000nam 2200000 4500 =001 INLIS000000000039047 =005 20130612144713 =008 ***********************************ind** =035 ##$$0010-061300000039047 =041 ##$$a ind =082 ##$$a 636.68 =090 ##$$a 636.68, Tur m =100 ##$$a TURUT, Rusli =245 ##$$a Memelihara 42 burung ocehan populer, Rusli turut =260 ##$$a 2011 $b Jakarta =300 ##$$a 140 Hlm, Ilus, 22 cm =650 ##$$a BURUNG TERNAK =850 ##$$a NBPNMAT =990 ##$$a 0001/BPAP-NTB/20142014 =990 ##$$a 0001/BPAP-NTB/2016